[Event "SVK-ch U14"]
[Site "Liptovsky Mikulas"]
[Date "2018.04.23"]
[Round "4"]
[White "Kosut, Daniel"]
[Black "Kossuth, Tomas"]
[Result "0-1"]
[WhiteElo "1000"]
[BlackElo "1441"]
[PlyCount "38"]
[EventDate "2018.04.21"]
[EventType "swiss"]
[EventRounds "9"]
[EventCountry "SVK"]
[SourceTitle "CBM 184 Extra"]
[Source "ChessBase"]
[SourceDate "2018.06.28"]
[SourceVersion "1"]
[SourceVersionDate "2018.06.28"]
[SourceQuality "1"]

1. e4 e5 2. Nc3 Nf6 3. Bc4 Nc6 4. b3 Be7 5. d3 d6 6. Nge2 0-0 7. Ba3 a6 8. 0-0 b5 9. Bd5 Bb7 10. Qd2 h6 11. g3 Qd7 12. f4 Qh3 13. d4 Ng4 14. Rf2 Nxf2 15. Kxf2 Qxh2+ 16. Kf3 Rab8 17. f5 exd4 18. Nd1 Ne5+ 19. Kf4 Bg5# 0-1

[Event "SVK-ch U14"]
[Site "Liptovsky Mikulas"]
[Date "2018.04.22"]
[Round "3"]
[White "Kosut, Daniel"]
[Black "Kuna, Patrik"]
[Result "0-1"]
[WhiteElo "1000"]
[BlackElo "1545"]
[PlyCount "106"]
[EventDate "2018.04.21"]
[EventType "swiss"]
[EventRounds "9"]
[EventCountry "SVK"]
[SourceTitle "CBM 184 Extra"]
[Source "ChessBase"]
[SourceDate "2018.06.28"]
[SourceVersion "1"]
[SourceVersionDate "2018.06.28"]
[SourceQuality "1"]

1. d4 d5 2. g3 Nf6 3. e3 Bf5 4. Bd2 Be4 5. Nf3 g5 6. h3 Nc6 7. Be2 Qd7 8. Nc3 h6 9. Bd3 Bxd3 10. cxd3 Nb4 11. Qe2 Nc2+ 12. Kf1 Nxa1 13. Bc1 Bg7 14. Kg2 0-0-0 15. b3 Nh5 16. Bb2 f5 17. Bxa1 f4 18. g4 Nf6 19. Ne5 Qe6 20. f3 h5 21. Ng6 Rh6 22. Nxf4 gxf4 23. exf4 Qxe2+ 24. Nxe2 hxg4 25. fxg4 Rh4 26. Kg3 Rdh8 27. Ng1 Nxg4 28. Bc3 Ne3 29. Kf3 Nd1 30. Be1 R4h5 31. Ne2 Rxh3+ 32. Rxh3 Rxh3+ 33. Ng3 Bxd4 34. Kg4 Rh2 35. Nf5 Ne3+ 36. Nxe3 Bxe3 37. Bg3 Rxa2 38. Kg5 Kd7 39. Kg6 Rg2 40. Kf5 Rxg3 41. Ke5 Bxf4+ 42. Kxf4 Rxd3 43. b4 Rd4+ 44. Ke3 Rxb4 45. Kd3 Kc6 46. Kc3 Kc5 47. Kd3 Re4 48. Kc3 Re3+ 49. Kd2 Kd4 50. Kc2 Rh3 51. Kb2 Kc4 52. Ka2 Kb4 53. Ka1 Kb3 0-1